[Event "Linares 72/(325)"]
[Site "?"]
[Date "1998.??.??"]
[Round "?"]
[White "Kasparov, Garry"]
[Black "Shirov, Alexei"]
[Result "1/2-1/2"]
[WhiteElo "2825"]
[BlackElo "2710"]
[PlyCount "43"]
[EventDate "1998.??.??"]
[Source "ChessBase"]
[SourceDate "1998.02.01"]

1. e4 e5 2. Nf3 Nc6 3. Bb5 a6 4. Ba4 Nf6 5. O-O b5 6. Bb3 Bc5 7. a4 Bb7 8. d3 O-O 9. Nc3 Na5 10. axb5 Nxb3 11. cxb3 axb5 12. Rxa8 Bxa8 13. Nxe5 d5 14. Bg5 Be7 15. Nxb5 dxe4 16. dxe4 Bxe4 17. Nc3 Bb7 18. Re1 h6 19. Bf4 Bb4 20. Ng4 Nxg4 21. Qxg4 Re8 22. Rxe8+ 1/2-1/2

[Event "Hoogovens Wijk aan Zee"]
[Site "?"]
[Date "1998.??.??"]
[Round "5"]
[White "Anand, Viswanathan"]
[Black "Topalov, Veselin"]
[Result "1-0"]
[WhiteElo "2770"]
[BlackElo "2740"]
[PlyCount "71"]
[EventDate "1998.??.??"]
[Source "www.chesslib.no"]
[SourceDate "2004.05.04"]

1. e4 e5 2. Nf3 Nc6 3. Bb5 a6 4. Ba4 Nf6 5. O-O b5 6. Bb3 Bc5 7. a4 Rb8 8. c3 d6 9. d4 Bb6 10. axb5 axb5 11. h3 O-O 12. Re1 Re8 13. Na3 b4 14. Nc4 bxc3 15. bxc3 exd4 16. Nxb6 Rxb6 17. cxd4 Nxe4 18. Bxf7+ Kxf7 19. Rxe4 Rxe4 20. Ng5+ Kg8 21. Nxe4 Bf5 22. Ng5 Ne7 23. g4 Bg6 24. Ne6 Qc8 25. d5 Bf7 26. Nxg7 Kxg7 27. Qd4+ Kf8 28. Bh6+ Ke8 29. Re1 Kd7 30. Rxe7+ Kxe7 31. Qe4+ Be6 32. Qxh7+ Bf7 33. Qe4+ Be6 34. Bg5+ Kf8 35. dxe6 Qe8 36. h4 1-0

[Event "Wijk aan Zee 71/346"]
[Site "?"]
[Date "1998.??.??"]
[Round "?"]
[White "Anand, Viswanathan"]
[Black "Shirov, Alexei"]
[Result "1/2-1/2"]
[WhiteElo "2770"]
[BlackElo "2710"]
[PlyCount "60"]
[EventDate "1998.??.??"]
[Source "ChessBase"]
[SourceDate "1997.10.01"]

1. e4 e5 2. Nf3 Nc6 3. Bb5 a6 4. Ba4 Nf6 5. O-O b5 6. Bb3 Bc5 7. a4 Rb8 8. c3 d6 9. d4 Bb6 10. h3 Bb7 11. Re1 O-O 12. axb5 axb5 13. Na3 exd4 14. cxd4 Na5 15. Bc2 b4 16. Nb1 c5 17. Bg5 h6 18. Bh4 cxd4 19. Nbd2 Re8 20. Ra4 Bc6 21. Ra1 Rc8 22. Bd3 Nb7 23. e5 dxe5 24. Nxe5 g5 25. Bg3 Bd5 26. Bf5 Ra8 27. Rxa8 Qxa8 28. Nd3 Nc5 29. Rxe8+ Qxe8 30. Nxb4 Be4 1/2-1/2

[Event "II Open Rapid"]
[Site "Canada de Calatrava SPA"]
[Date "2007.04.08"]
[Round "8"]
[White "Ivanchuk, V."]
[Black "Shirov, A."]
[Result "0-1"]
[WhiteElo "2750"]
[BlackElo "2715"]
[PlyCount "116"]
[EventDate "2007.04.06"]
[Source "www.chesslib.no"]
[SourceDate "2004.05.04"]

1. e4 e5 2. Nf3 Nc6 3. Bb5 a6 4. Ba4 Nf6 5. O-O b5 6. Bb3 Bc5 7. a4 Rb8 8. c3 d6 9. d3 O-O 10. Nbd2 Bb6 11. Re1 Ng4 12. Re2 Kh8 13. h3 Nh6 14. g4 Ne7 15. axb5 axb5 16. Nf1 Ng6 17. N1h2 f6 18. Be3 Nf7 19. Qd2 Bxe3 20. fxe3 Ng5 21. Nxg5 fxg5 22. Rf2 Rxf2 23. Qxf2 b4 24. Bc4 bxc3 25. bxc3 c6 26. d4 Qe7 27. Rf1 exd4 28. cxd4 Be6 29. Bxe6 Qxe6 30. Qf5 Qe7 31. e5 dxe5 32. Qe4 exd4 33. Qxe7 Nxe7 34. exd4 h6 35. Nf3 Rb3 36. Kf2 Ng6 37. Rc1 Nf4 38. Rxc6 Nxh3+ 39. Kg2 Nf4+ 40. Kf2 Rb2+ 41. Kf1 Nd5 42. Re6 Kg8 43. Re2 Rxe2 44. Kxe2 Kf7 45. Ne5+ Ke6 46. Kf3 Nf6 47. Ke3 Kd5 48. Kd3 Ne4 49. Ke3 Nd6 50. Kd3 Nb5 51. Nf3 Nc7 52. Ke3 Ne6 53. Kd3 g6 54. Ne5 Nxd4 55. Nxg6 Nc6 56. Ke2 Ke6 57. Nf8+ Ke7 58. Nh7 Kf7 0-1

[Event "Amber-blind 13th"]
[Site "Monaco"]
[Date "2004.03.31"]
[Round "10"]
[White "Leko, Peter"]
[Black "Topalov, Veselin"]
[Result "1/2-1/2"]
[WhiteElo "2722"]
[BlackElo "2735"]
[PlyCount "57"]
[EventDate "2004.03.20"]
[Source "ChessBase"]
[SourceDate "2004.05.04"]

1. e4 e5 2. Nf3 Nc6 3. Bb5 a6 4. Ba4 Nf6 5. O-O b5 6. Bb3 Bc5 7. a4 Rb8 8. c3 d6 9. d3 O-O 10. Nbd2 Bb6 11. h3 Ne7 12. Re1 Ng6 13. Nf1 h6 14. Ng3 Re8 15. d4 Bb7 16. Bc2 d5 17. Nxe5 Nxe5 18. dxe5 Nxe4 19. Nxe4 dxe4 20. Qh5 g6 21. Qxh6 Rxe5 22. Be3 Qf6 23. Bxb6 Qxb6 24. axb5 axb5 25. Qf4 Rbe8 26. Re3 Kg7 27. Rd1 Bd5 28. h4 b4 29. Rde1 1/2-1/2

[Event "Cannes NAO Masters"]
[Site "Cannes"]
[Date "2002.02.23"]
[Round "2"]
[White "Leko, Peter"]
[Black "Morozevich, Alexander"]
[Result "1-0"]
[WhiteElo "2713"]
[BlackElo "2742"]
[PlyCount "91"]
[EventDate "2002.02.22"]
[Source "ChessBase"]
[SourceDate "2002.03.21"]

1. e4 e5 2. Nf3 Nc6 3. Bb5 a6 4. Ba4 Nf6 5. O-O b5 6. Bb3 Bc5 7. a4 Rb8 8. c3 d6 9. d4 Bb6 10. Na3 O-O 11. axb5 axb5 12. Nxb5 Bg4 13. Bc2 h6 14. d5 Ne7 15. h3 Bh5 16. Kh1 Nxe4 17. Bxe4 f5 18. Bc2 Qe8 19. Ba4 e4 20. Nxc7 Qf7 21. Ne6 exf3 22. gxf3 Qf6 23. Nxf8 Rxf8 24. Bb5 Qh4 25. Kg2 g5 26. Ra4 f4 27. Bd7 Ng6 28. Re4 Ne5 29. Rxe5 dxe5 30. Qd3 Kg7 31. Qe4 Bc7 32. Bf5 Rf6 33. c4 Bf7 34. c5 h5 35. d6 g4 36. fxg4 Bg6 37. Rg1 Bd8 38. Qxe5 f3+ 39. Kxf3 Qxh3+ 40. Ke2 hxg4 41. Rxg4 Qh5 42. Bg5 Bxf5 43. Bxf6+ Kf7 44. f3 Bxg4 45. Qxh5+ Bxh5 46. Bxd8 1-0

[Event "Aerosvit GM"]
[Site "Foros UKR"]
[Date "2006.06.28"]
[Round "11"]
[White "Ivanchuk, V."]
[Black "Shirov, A."]
[Result "1/2-1/2"]
[WhiteElo "2731"]
[BlackElo "2699"]
[PlyCount "160"]
[EventDate "2006.??.??"]
[Source "www.chesslib.no"]
[SourceDate "2004.05.04"]

1. e4 e5 2. Nf3 Nc6 3. Bb5 a6 4. Ba4 Nf6 5. O-O b5 6. Bb3 Bc5 7. a4 Rb8 8. c3 O-O 9. d4 Bb6 10. axb5 axb5 11. Na3 d6 12. Nxb5 Bg4 13. Bc2 d5 14. h3 Bxf3 15. Qxf3 exd4 16. Bg5 dxc3 17. Nxc3 Nd4 18. Qd3 h6 19. Bxf6 Qxf6 20. Nxd5 Qe5 21. Kh1 Nxc2 22. Qxc2 f5 23. Qc4 Kh7 24. Rae1 fxe4 25. Rxe4 Qxb2 26. Re2 Qa3 27. Qc2+ Kh8 28. Ne7 Rf6 29. Ng6+ Kg8 30. Ne7+ Kh8 31. Ng6+ Kg8 32. Rfe1 Qc5 33. Qa2+ Kh7 34. Ne5 Rd8 35. f4 Rxf4 36. Qb1+ Kg8 37. Nd3 Rxd3 38. Qxd3 Qf5 39. Qd1 Kh7 40. Re5 Qg6 41. Re6 Rf1+ 42. Rxf1 Qxe6 43. Qb1+ Kg8 44. Rc1 Qf7 45. Qe4 Qf6 46. Rd1 Kh8 47. Rb1 Kg8 48. g3 Qd4 49. Qe6+ Kh7 50. Qf5+ g6 51. Qf7+ Qg7 52. Rf1 Qxf7 53. Rxf7+ Kg8 54. Rd7 Ba5 55. Kg2 c5 56. Kf3 Bc3 57. g4 Bf6 58. Rc7 Bh4 59. Ke4 c4 60. Kd5 c3 61. Ke6 Bg5 62. Rxc3 Kg7 63. Rc7+ Kg8 64. Rb7 Bh4 65. Ke5 Bg5 66. Ke4 Bh4 67. Kf4 Kh8 68. Ke4 Kg8 69. Kd5 Bg5 70. Ke6 Bh4 71. Rc7 Bg5 72. Rd7 Bh4 73. Rd4 Bg5 74. Ra4 Kg7 75. Ra1 Kg8 76. Rh1 Bh4 77. Rf1 Kg7 78. Rf7+ Kg8 79. Rf6 Kg7 80. Rf3 Bg5 1/2-1/2

[Event "Beograd 71/349"]
[Site "?"]
[Date "1997.??.??"]
[Round "?"]
[White "Ivanchuk, Vassily"]
[Black "Shirov, Alexei"]
[Result "1/2-1/2"]
[WhiteElo "2725"]
[BlackElo "2700"]
[PlyCount "90"]
[EventDate "1997.??.??"]
[Source "ChessBase"]
[SourceDate "1997.10.01"]

1. e4 e5 2. Nf3 Nc6 3. Bb5 a6 4. Ba4 Nf6 5. O-O b5 6. Bb3 Bc5 7. a4 Rb8 8. c3 d6 9. d4 Bb6 10. Na3 O-O 11. axb5 axb5 12. Nxb5 Bg4 13. Re1 Bxf3 14. gxf3 Nh5 15. Be3 Qf6 16. Kh1 exd4 17. cxd4 Ba5 18. Rg1 Rxb5 19. Ba4 Rxb2 20. Bxc6 Bb6 21. Rg4 Rb4 22. e5 dxe5 23. dxe5 Qe7 24. Qd5 Bxe3 25. fxe3 g6 26. Rxb4 Qxb4 27. e6 Qc3 28. Rg1 Nf6 29. exf7+ Rxf7 30. Qe6 Kg7 31. Rg5 Qa3 32. Re5 Qd3 33. Kg2 Qe2+ 34. Kg1 Qe1+ 35. Kg2 Qe2+ 36. Kg1 h5 37. Rg5 Qd1+ 38. Kg2 Qc2+ 39. Kg3 Nh7 40. Qe5+ Kh6 41. Be4 Rxf3+ 42. Kxf3 Qd1+ 43. Kf4 Qf1+ 44. Bf3 Qc4+ 45. Be4 Qf1+ 1/2-1/2

[Event "Amber-blind 6th"]
[Site "Monte Carlo"]
[Date "1997.??.??"]
[Round "10"]
[White "Topalov, Veselin"]
[Black "Shirov, Alexei"]
[Result "1/2-1/2"]
[WhiteElo "2725"]
[BlackElo "2690"]
[PlyCount "63"]
[EventDate "1997.04.18"]
[Source "ChessBase"]

1. e4 e5 2. Nf3 Nc6 3. Bb5 a6 4. Ba4 Nf6 5. O-O b5 6. Bb3 Bc5 7. a4 Bb7 8. d3 O-O 9. Nc3 Na5 10. axb5 Nxb3 11. cxb3 axb5 12. Rxa8 Bxa8 13. Nxe5 d5 14. Bg5 dxe4 15. dxe4 Qxd1 16. Rxd1 b4 17. Nd5 Bxf2+ 18. Kxf2 Nxe4+ 19. Kg1 Nxg5 20. Nd7 Rd8 21. Nxc7 Kh8 22. Nxa8 Rxa8 23. Rd4 Ra1+ 24. Kf2 Rb1 25. Rxb4 Rxb2+ 26. Ke3 h5 27. h4 Ne6 28. g3 Rg2 29. Kf3 Rb2 30. Ke3 Rg2 31. Kf3 Rb2 32. Ke3 1/2-1/2

[Event "It Playoff g20, Madrid ESP"]
[Site "Madrid"]
[Date "1997.??.??"]
[Round "?"]
[White "Topalov, V."]
[Black "Shirov, A."]
[Result "1/2-1/2"]
[WhiteElo "2725"]
[BlackElo "2690"]
[PlyCount "69"]
[EventDate "1997.??.??"]
[Source "www.chesslib.no"]
[SourceDate "2004.05.04"]

1. e4 e5 2. Nf3 Nc6 3. Bb5 a6 4. Ba4 Nf6 5. O-O b5 6. Bb3 Bc5 7. a4 Rb8 8. c3 d6 9. d4 Bb6 10. axb5 axb5 11. h3 O-O 12. Re1 Bb7 13. Na3 exd4 14. cxd4 Na5 15. Bc2 b4 16. Nb1 c5 17. Bg5 h6 18. Bh4 g5 19. Nxg5 hxg5 20. Bxg5 b3 21. Bd3 c4 22. e5 dxe5 23. Rxe5 Qxd4 24. Re3 Ng4 25. Rxa5 cxd3 26. Bf6 Qxf6 27. Qxg4+ Qg6 28. Rg5 Bxe3 29. Rxg6+ fxg6 30. Qxg6+ Kh8 31. fxe3 Rbd8 32. Qh6+ Kg8 33. Qg6+ Kh8 34. e4 Rd7 35. Nd2 1/2-1/2

[Event "Beograd 74/364"]
[Site "?"]
[Date "1999.??.??"]
[Round "?"]
[White "Anand, Viswanathan"]
[Black "Oll, Lembit"]
[Result "1-0"]
[WhiteElo "2781"]
[BlackElo "2630"]
[PlyCount "77"]
[EventDate "1999.??.??"]
[Source "ChessBase"]
[SourceDate "1998.10.01"]

1. e4 e5 2. Nf3 Nc6 3. Bb5 a6 4. Ba4 Nf6 5. O-O b5 6. Bb3 Bc5 7. a4 Rb8 8. c3 d6 9. d4 Bb6 10. Na3 O-O 11. axb5 axb5 12. Nxb5 exd4 13. cxd4 Bg4 14. Re1 d5 15. exd5 Nxd5 16. h3 Bh5 17. g4 Bg6 18. Nc3 Ndb4 19. Bg5 Qd7 20. d5 Qd6 21. Kf1 Na5 22. Be7 Qf4 23. Rxa5 Bxa5 24. Re3 Bb6 25. Ne2 Qh6 26. Kg2 Bxe3 27. g5 Qxh3+ 28. Kxh3 Nd3 29. Qa1 Nxf2+ 30. Kg2 Rfe8 31. Qa3 Nd3 32. Nc3 Bc1 33. Nd1 Be4 34. Ba4 Ne5 35. Bxe8 Rxe8 36. Kg3 Bxf3 37. Qc3 Bxd1 38. Qxe5 Ba4 39. b4 1-0

[Event "Dortmund SuperGM"]
[Site "Dortmund"]
[Date "2000.07.09"]
[Round "3"]
[White "Anand, Viswanathan"]
[Black "Piket, Jeroen"]
[Result "1-0"]
[WhiteElo "2762"]
[BlackElo "2649"]
[PlyCount "55"]
[EventDate "2000.07.07"]
[Source "ChessBase"]
[SourceDate "2000.10.18"]

1. e4 e5 2. Nf3 Nc6 3. Bb5 a6 4. Ba4 Nf6 5. O-O b5 6. Bb3 Bc5 7. a4 Rb8 8. axb5 axb5 9. c3 d6 10. d4 Bb6 11. Na3 O-O 12. Nxb5 exd4 13. cxd4 Bg4 14. Ra4 Re8 15. Re1 h6 16. Bc2 d5 17. e5 Ne4 18. Nc3 Rxe5 19. Nxe4 Rxe4 20. Bxe4 dxe4 21. d5 Bxf3 22. gxf3 Qh4 23. Raxe4 Qxf2+ 24. Kh1 f5 25. Rc4 Na5 26. Rf1 Nxc4 27. Rxf2 Bxf2 28. Qe2 1-0

[Event "2nd ACP World Rapid Cup"]
[Site "Odessa UKR"]
[Date "2008.01.06"]
[Round "2.1"]
[White "Jakovenko, D."]
[Black "Inarkiev, E."]
[Result "1-0"]
[WhiteElo "2720"]
[BlackElo "2681"]
[PlyCount "89"]
[EventDate "2008.01.04"]
[Source "www.chesslib.no"]
[SourceDate "2004.05.04"]

1. e4 e5 2. Nf3 Nc6 3. Bb5 a6 4. Ba4 Nf6 5. O-O b5 6. Bb3 Bc5 7. c3 d6 8. a4 Rb8 9. d4 Bb6 10. a5 Ba7 11. h3 Bb7 12. Re1 exd4 13. cxd4 O-O 14. Be3 Nb4 15. Bg5 h6 16. Bh4 c5 17. Nc3 Re8 18. Nd5 Bxd5 19. Bxd5 g5 20. Nxg5 Nbxd5 21. exd5 hxg5 22. Bxg5 Rxe1+ 23. Qxe1 Kg7 24. Qc1 cxd4 25. Bh4 Qe7 26. Ra3 Qe5 27. Rg3+ Kh7 28. Qc7 Rf8 29. Bxf6 Qxf6 30. Qxa7 Qe5 31. Rd3 Qe4 32. Qxd4 Qxd4 33. Rxd4 Rc8 34. g3 Rc2 35. b4 Kg6 36. h4 f5 37. Kg2 Kf6 38. h5 Ke5 39. Rf4 Rc7 40. Kh3 Rc1 41. Kh4 Rc8 42. h6 Rg8 43. Kh5 Rh8 44. Kg6 Rg8+ 45. Kf7 1-0

[Event "ch-RUS Superfinal"]
[Site "Moscow RUS"]
[Date "2005.12.24"]
[Round "6"]
[White "Svidler, P."]
[Black "Khalifman, A."]
[Result "1/2-1/2"]
[WhiteElo "2740"]
[BlackElo "2653"]
[PlyCount "82"]
[EventDate "2005.??.??"]
[Source "www.chesslib.no"]
[SourceDate "2004.05.04"]

1. e4 e5 2. Nf3 Nc6 3. Bb5 a6 4. Ba4 Nf6 5. O-O b5 6. Bb3 Bc5 7. a4 Rb8 8. c3 O-O 9. d4 Bb6 10. axb5 axb5 11. dxe5 Ng4 12. Bf4 Qe8 13. Nd4 Ngxe5 14. Nxb5 d6 15. Ba4 Bg4 16. Qc2 f5 17. Nd2 Qg6 18. Nd4 Nxd4 19. cxd4 Bxd4 20. exf5 Bxf5 21. Qxc7 Bd3 22. Bxe5 dxe5 23. Nf3 Bxf1 24. Rxf1 Qf7 25. Qxf7+ Rxf7 26. Bc6 Kf8 27. b3 Rc7 28. Bd5 h6 29. h4 Rc5 30. Bc4 Ra5 31. Rd1 Ra1 32. Rxa1 Bxa1 33. Nd2 Rd8 34. Ne4 Rd1+ 35. Kh2 Re1 36. Bd5 Rd1 37. Bc4 Rd4 38. f3 Rd1 39. h5 Bd4 40. Kh3 Rg1 41. g3 Ke7 1/2-1/2

[Event "Czech Coal"]
[Site "Carlsbad CZE"]
[Date "2007.09.09"]
[Round "2"]
[White "Navara, D."]
[Black "Shirov, A."]
[Result "1/2-1/2"]
[WhiteElo "2656"]
[BlackElo "2735"]
[PlyCount "74"]
[EventDate "2007.09.08"]
[Source "www.chesslib.no"]
[SourceDate "2004.05.04"]

1. e4 e5 2. Nf3 Nc6 3. Bb5 a6 4. Ba4 Nf6 5. O-O b5 6. Bb3 Bc5 7. a4 Rb8 8. axb5 axb5 9. c3 d6 10. d4 Bb6 11. h3 O-O 12. Re1 Bb7 13. Na3 exd4 14. cxd4 Na5 15. Bc2 b4 16. Nb1 c5 17. Bg5 h6 18. Bh4 cxd4 19. Qd3 b3 20. Bxb3 Nxb3 21. Qxb3 g5 22. Nxg5 hxg5 23. Bxg5 d3 24. Nd2 Bxf2+ 25. Kxf2 Nxe4+ 26. Rxe4 Bxe4 27. Bxd8 Rxb3 28. Nxb3 Rxd8 29. Nd2 f5 30. b4 Rc8 31. g4 Rc2 32. Ke3 d5 33. gxf5 Bxf5 34. Ra5 Bxh3 35. Rxd5 Rb2 36. b5 Be6 37. Re5 Bd7 1/2-1/2

[Event "Wijk aan Zee"]
[Site "?"]
[Date "1996.??.??"]
[Round "?"]
[White "Topalov, Veselin"]
[Black "Shirov, A."]
[Result "1/2-1/2"]
[WhiteElo "2700"]
[BlackElo "2690"]
[PlyCount "106"]
[EventDate "1996.??.??"]
[Source "ChessBase"]
[SourceDate "1995.10.01"]

1. e4 e5 2. Nf3 Nc6 3. Bb5 a6 4. Ba4 Nf6 5. O-O b5 6. Bb3 Bc5 7. a4 Rb8 8. c3 d6 9. d4 Bb6 10. Na3 Bg4 11. axb5 axb5 12. Nxb5 O-O 13. Bc2 d5 14. Bg5 exd4 15. cxd4 Bxf3 16. Qxf3 Bxd4 17. exd5 Qxd5 18. Qxd5 Nxd5 19. Nxd4 Nxd4 20. Be4 Nf6 21. Bxf6 gxf6 22. Ra7 Rfe8 23. Bd3 Re7 24. Rb1 Nb3 25. h3 Nd2 26. Rc1 Rb3 27. Rc3 Rxc3 28. bxc3 Nb3 29. Ra4 Nc5 30. Rg4+ Kh8 31. Bc4 h6 32. Bd5 Nd7 33. Kh2 Ne5 34. Rg3 Rd7 35. Bb3 Rd2 36. f4 Nd3 37. Bxf7 Nxf4 38. Rg4 Ne2 39. Rc4 Rc2 40. Bh5 Nxc3 41. Bg6 Rc1 42. Bd3 Na2 43. Rxc1 Nxc1 44. Bc4 f5 45. Kg3 Kg7 46. Kf3 Kf6 47. Kf4 c6 48. h4 Kg6 49. Ke5 Kh5 50. g3 Kg4 51. h5 Kxg3 52. Kxf5 Kf2 53. Kg6 Ne2 1/2-1/2

[Event "Kusadasi TUR"]
[Site "?"]
[Date "2006.04.12"]
[Round "8"]
[White "Ivanchuk Vassily"]
[Black "Georgiev Kiril"]
[Result "1/2-1/2"]
[WhiteElo "2729"]
[BlackElo "2645"]
[PlyCount "82"]
[EventDate "2006.??.??"]
[Source "www.chesslib.no"]
[SourceDate "2004.05.04"]

1. e4 e5 2. Nf3 Nc6 3. Bb5 a6 4. Ba4 Nf6 5. O-O b5 6. Bb3 Bc5 7. c3 d6 8. a4 Bg4 9. h3 Bh5 10. d4 Bb6 11. Bg5 Rb8 12. axb5 axb5 13. Na3 Bxf3 14. gxf3 exd4 15. Nxb5 h6 16. Bh4 g5 17. Bg3 dxc3 18. Nxc3 O-O 19. f4 Nd4 20. Bc4 Ne6 21. f5 Nf4 22. Bxf4 gxf4 23. Qf3 Bd4 24. Ne2 Bxb2 25. Rae1 Rb4 26. Bd3 d5 27. Nxf4 dxe4 28. Bxe4 Qd4 29. Nd5 Rc4 30. Nxf6+ Qxf6 31. Kh1 Kh7 32. Rg1 Re8 33. Rg4 Rc1 34. Rxc1 Bxc1 35. Bd3 Bb2 36. Kg2 Be5 37. Bc4 h5 38. Re4 Qg5+ 39. Kf1 Qc1+ 40. Ke2 Qc2+ 41. Kf1 Qc1+ 1/2-1/2

[Event "Porzellan-Cup"]
[Site "Dresden"]
[Date "1999.??.??"]
[Round "3.2"]
[White "Almasi, Zoltan"]
[Black "Shirov, Alexei"]
[Result "1/2-1/2"]
[WhiteElo "2650"]
[BlackElo "2720"]
[PlyCount "59"]
[EventDate "1999.01.??"]
[Source "ChessBase"]
[SourceDate "1999.03.01"]

1. e4 e5 2. Nf3 Nc6 3. Bb5 a6 4. Ba4 Nf6 5. O-O b5 6. Bb3 Bc5 7. a4 Rb8 8. c3 d6 9. d4 Bb6 10. axb5 axb5 11. Na3 O-O 12. Nxb5 exd4 13. Nbxd4 Nxd4 14. Nxd4 Bxd4 15. cxd4 Nxe4 16. Re1 Bf5 17. f3 Nf6 18. d5 Re8 19. Rxe8+ Qxe8 20. Bc4 Qe5 21. Ra3 Nd7 22. Re3 Qf6 23. b3 h6 24. Bd2 Qd4 25. Qe1 Nb6 26. Bc3 Qc5 27. Bb4 Qd4 28. Bc3 Qc5 29. Bb4 Qd4 30. Bc3 1/2-1/2

[Event "Pivdenny Bank Cup"]
[Site "Odessa UKR"]
[Date "2007.07.04"]
[Round "2"]
[White "Smirin, I."]
[Black "Shirov, A."]
[Result "0-1"]
[WhiteElo "2650"]
[BlackElo "2699"]
[PlyCount "118"]
[EventDate "2007.07.04"]
[Source "www.chesslib.no"]
[SourceDate "2004.05.04"]

1. e4 e5 2. Nf3 Nc6 3. Bb5 a6 4. Ba4 Nf6 5. O-O b5 6. Bb3 Bc5 7. a4 Rb8 8. c3 d6 9. d4 Bb6 10. a5 Ba7 11. h3 O-O 12. Re1 Bd7 13. Bg5 h6 14. Bh4 g5 15. Bg3 Re8 16. dxe5 Nxe5 17. Nxe5 dxe5 18. Nd2 c5 19. Nf3 c4 20. Bc2 Qc7 21. Nd4 Qc5 22. Qf3 exd4 23. Bxb8 Bxb8 24. Qxf6 d3 25. Bd1 Qc7 26. e5 Re6 27. Qf5 d2 28. Re3 Rxe5 29. Qxe5 Qxe5 30. Rxe5 Bxe5 31. Be2 b4 32. Bxc4 bxc3 33. bxc3 Bxc3 34. Rb1 Bf5 35. Rb8+ Kg7 36. Bb3 Bxa5 37. Ra8 Bd3 38. Bd1 Kf6 39. Rh8 Kg7 40. Rc8 Bb4 41. Rd8 Bb5 42. Rb8 Kf6 43. Rb6+ Ke5 44. Rxh6 Kd4 45. Rf6 Kc3 46. Rxf7 Kb2 47. Rc7 Bc3 48. Rc5 Bd3 49. Rxg5 a5 50. h4 Bc2 51. Rb5+ Kc1 52. Bf3 a4 53. Rc5 Bb4 54. Rc8 a3 55. h5 a2 56. Ra8 Kb2 57. h6 Ba3 58. h7 a1=Q+ 59. Kh2 Bxh7 0-1

[Event "Amber-blind 8th"]
[Site "Monte Carlo"]
[Date "1999.03.28"]
[Round "11"]
[White "Shirov, Alexei"]
[Black "Piket, Jeroen"]
[Result "1/2-1/2"]
[WhiteElo "2726"]
[BlackElo "2619"]
[PlyCount "61"]
[EventDate "1999.03.16"]
[Source "ChessBase"]
[SourceDate "1999.05.10"]

1. e4 e5 2. Nf3 Nc6 3. Bb5 a6 4. Ba4 Nf6 5. O-O b5 6. Bb3 Bc5 7. a4 Rb8 8. axb5 axb5 9. c3 d6 10. d4 Bb6 11. Na3 O-O 12. Nxb5 exd4 13. cxd4 Bg4 14. Re1 d5 15. exd5 Nxd5 16. h3 Bh5 17. Bc4 Qd7 18. Bg5 h6 19. Bh4 Rfe8 20. Rxe8+ Rxe8 21. Bg3 Nf6 22. Ra3 Nxd4 23. Nbxd4 Bxf3 24. Rxf3 Bxd4 25. Kh2 c5 26. Qd3 Re7 27. b3 Qb7 28. Rf5 Qe4 29. Qxe4 Nxe4 30. f3 Nxg3 31. Kxg3 1/2-1/2

[Event "FRA Ch Top 16 Poule Haute"]
[Site "?"]
[Date "2005.05.07"]
[Round "11"]
[White "Adams Michael"]
[Black "Kazhgaleyev Murtas"]
[Result "1/2-1/2"]
[WhiteElo "2737"]
[BlackElo "2600"]
[PlyCount "45"]
[EventDate "2005.??.??"]
[Source "www.chesslib.no"]
[SourceDate "2004.05.04"]

1. e4 e5 2. Nf3 Nc6 3. Bb5 a6 4. Ba4 Nf6 5. O-O b5 6. Bb3 Bc5 7. d3 d6 8. c3 h6 9. Nbd2 O-O 10. Re1 Bb6 11. Nf1 Ne7 12. Ng3 Ng6 13. h3 Re8 14. a4 Rb8 15. Bc2 Bb7 16. Nh2 d5 17. Ng4 dxe4 18. dxe4 Nxg4 19. Qxg4 Qf6 20. Nf5 Rbd8 21. axb5 axb5 22. Bb3 Bc8 23. Qf3 1/2-1/2

[Event "Tilburg"]
[Site "?"]
[Date "1997.??.??"]
[Round "?"]
[White "Leko, P."]
[Black "Shirov, A."]
[Result "1/2-1/2"]
[WhiteElo "2635"]
[BlackElo "2700"]
[PlyCount "52"]
[EventDate "1997.??.??"]
[Source "ChessBase"]
[SourceDate "1997.06.01"]

1. e4 e5 2. Nf3 Nc6 3. Bb5 a6 4. Ba4 Nf6 5. O-O b5 6. Bb3 Bc5 7. a4 Rb8 8. axb5 axb5 9. Nxe5 Nxe5 10. d4 Bxd4 11. Qxd4 d6 12. f4 Nc6 13. Qd3 O-O 14. Nc3 Nb4 15. Qg3 c5 16. e5 Nh5 17. Qf3 c4 18. Qxh5 cxb3 19. cxb3 dxe5 20. Qxe5 Bb7 21. Rd1 Qc8 22. Qe2 Re8 23. Be3 Qe6 24. Ba7 Qc6 25. Qf3 Qe6 26. Qe2 Qc6 1/2-1/2

[Event "RUS"]
[Site "?"]
[Date "2006.04.28"]
[Round "9"]
[White "Malakhov Vladimir"]
[Black "Tkachiev Vladislav"]
[Result "1/2-1/2"]
[WhiteElo "2691"]
[BlackElo "2643"]
[PlyCount "81"]
[EventDate "2006.??.??"]
[Source "www.chesslib.no"]
[SourceDate "2004.05.04"]

1. e4 e5 2. Nf3 Nc6 3. Bb5 a6 4. Ba4 Nf6 5. O-O b5 6. Bb3 Bc5 7. d3 d6 8. h3 O-O 9. c3 h6 10. a4 Rb8 11. axb5 axb5 12. Bc2 b4 13. d4 bxc3 14. bxc3 Bb6 15. Ba3 Re8 16. Re1 Nh7 17. Bc1 Bd7 18. Na3 Ra8 19. Bb2 Ng5 20. Nc4 Rxa1 21. Bxa1 Ba7 22. Ncd2 Nxf3+ 23. Nxf3 Bb6 24. Bb3 Na5 25. Ba2 Qc8 26. dxe5 dxe5 27. c4 Bxh3 28. Nxe5 Be6 29. Qc2 Nb7 30. Nd3 Nc5 31. Nf4 Qd8 32. Nd5 Bxd5 33. cxd5 Qh4 34. g3 Qg4 35. e5 Ra8 36. e6 Nxe6 37. dxe6 Qxg3+ 38. Kf1 Qh3+ 39. Kg1 Qg3+ 40. Kf1 Qh3+ 41. Kg1 1/2-1/2

[Event "ICC GM Fights 1"]
[Site "Internet"]
[Date "1999.05.22"]
[Round "6"]
[White "Svidler, Peter"]
[Black "Piket, Jeroen"]
[Result "1/2-1/2"]
[WhiteElo "2713"]
[BlackElo "2619"]
[PlyCount "78"]
[EventDate "1999.05.??"]
[Source "ChessBase"]
[SourceDate "1999.07.10"]

1. e4 e5 2. Nf3 Nc6 3. Bb5 a6 4. Ba4 Nf6 5. O-O b5 6. Bb3 Bc5 7. a4 Rb8 8. c3 d6 9. d4 Bb6 10. h3 O-O 11. Be3 h6 12. Nbd2 exd4 13. cxd4 Nb4 14. axb5 axb5 15. Qc1 c5 16. dxc5 Bxc5 17. Qc3 Qb6 18. Rac1 Bxe3 19. fxe3 Qc5 20. e5 Nfd5 21. Qxc5 dxc5 22. Rxc5 Nxe3 23. Re1 Nf5 24. e6 fxe6 25. Rxe6 Kh8 26. Rxf5 Bxe6 27. Rxf8+ Rxf8 28. Bxe6 Nd3 29. b3 Nf4 30. Bd7 b4 31. Bb5 Rc8 32. Bc4 Ra8 33. h4 Ra2 34. g3 Nh5 35. Kg2 Nf6 36. Bd3 g5 37. hxg5 hxg5 38. g4 Nxg4 39. Kg3 Ne3 1/2-1/2

[Event "World Cup"]
[Site "Khanty-Mansiysk RUS"]
[Date "2007.11.27"]
[Round "2.1"]
[White "Svidler, P."]
[Black "Pavasovic, D."]
[Result "1-0"]
[WhiteElo "2732"]
[BlackElo "2597"]
[PlyCount "89"]
[EventDate "2007.11.24"]
[Source "www.chesslib.no"]
[SourceDate "2004.05.04"]

1. e4 e5 2. Nf3 Nc6 3. Bb5 a6 4. Ba4 Nf6 5. O-O b5 6. Bb3 Bc5 7. a4 Rb8 8. c3 d6 9. d4 Bb6 10. a5 Ba7 11. h3 Bb7 12. Re1 O-O 13. Be3 exd4 14. cxd4 Nb4 15. d5 Bxe3 16. Rxe3 c5 17. Nc3 Nd7 18. Qd2 Re8 19. Ne2 Qf6 20. Ng3 g6 21. Rae1 Qd8 22. Qc3 Rc8 23. Rd1 Qf6 24. e5 dxe5 25. Ne4 Qe7 26. d6 Qf8 27. Nxc5 Nxc5 28. Qxb4 Bxf3 29. Rxf3 Nxb3 30. Qxb3 Red8 31. Qd5 e4 32. Re3 Rd7 33. Rxe4 Rcd8 34. Red4 Rxd6 35. Qxd6 Rxd6 36. Rxd6 Kg7 37. Rxa6 Qb4 38. Ra7 Qxb2 39. a6 b4 40. Rb7 b3 41. a7 Qa2 42. Rd8 Qa1+ 43. Kh2 Qf6 44. a8=Q Qf4+ 45. Kg1 1-0

[Event "It (cat.14)"]
[Site "Wijk aan Zee (Netherlands)"]
[Date "2007.01.18"]
[Round "5"]
[White "Nijboer Friso (NED)"]
[Black "Jakovenko Dmitry (RUS)"]
[Result "0-1"]
[WhiteElo "2638"]
[BlackElo "2691"]
[PlyCount "77"]
[EventDate "2007.??.??"]
[Source "www.chesslib.no"]
[SourceDate "2004.05.04"]

1. e4 e5 2. Nf3 Nc6 3. Bb5 a6 4. Ba4 Nf6 5. O-O b5 6. Bb3 Bc5 7. a4 Rb8 8. c3 d6 9. d4 Bb6 10. a5 Ba7 11. h3 O-O 12. Be3 exd4 13. cxd4 Nxe4 14. Qc2 Qe8 15. Nc3 Nxc3 16. Qxc3 Ne7 17. Rfe1 Qc6 18. Rac1 Bb7 19. Qd3 Qd7 20. Ng5 g6 21. d5 Bxe3 22. Rxe3 Nf5 23. Re2 Ng7 24. Rec2 Rbc8 25. Qd4 Nh5 26. Nf3 Ba8 27. Qa7 Nf4 28. Qd4 Qf5 29. g4 Nxh3+ 30. Kg2 Qf4 31. Rxc7 Bxd5 32. Bxd5 Rxc7 33. Rxc7 Qxd4 34. Nxd4 Nf4+ 35. Kf3 Nxd5 36. Rc6 Nb4 37. Rxd6 Rc8 38. g5 Rc7 39. Kf4 0-1